000 00392nam a2200157Ia 4500
008 230917s9999||||xx |||||||||||||| ||und||
020 _cRS175
040 _e2906
_aMAIN
041 _aEnglish
082 _a589.3 F919S
100 _aFritsch, F E
245 0 _aStructure and reproduction of the algae
260 _aNew Delhi
_bVikas Publishing
_c1979
300 _axiii, 556 p.
942 _cBK
999 _c43288
_d43288